| 000 | 00731nam a22002057a 4500 | ||
|---|---|---|---|
| 999 |
_c13809 _d13809 |
||
| 003 | AR-CdUCM | ||
| 008 | 190416b ||||| |||| 00| 0 spa d | ||
| 040 |
_aMUNICIPALIDAD PROVINCIAL DEL CUSCO _cBIBLIOTECA MUNICIPAL DEL CUSCO |
||
| 082 |
_aC / 070.61 / _bJ54 |
||
| 100 |
_aJimenez Miranda, Dino _924932 |
||
| 245 | _aPeriodismo cusqueño (1968 - 1978) / | ||
| 260 |
_aCusco : _bLlaqta, _c1979. |
||
| 300 |
_a50 páginas ; _c16 cm. |
||
| 505 | _aContenido : Presentación -- Medios de comunicación en el sistema capitalista -- Periodismo en pugna -- Influencia del periodismo ... | ||
| 650 |
_aPeriodismo _91929 |
||
| 650 |
_aCusqueño _932367 |
||
| 650 |
_aNacional _928384 |
||
| 942 |
_2ddc _cLIBROS |
||
| 945 |
_arah _d16/04/2019 |
||